Documentos de trabajo Seminario Permanente de Ciencias Sociales

Bibliographic Details
Format: Serial
Language:Spanish
Published: Ciudad Real : Universidad de Castilla-La Mancha 2006 -
Subjects:
Online Access:Acceso restringido

MARC

LEADER 00000nas a22000007a 4500
005 20111028112024.0
008 111028s20069999sp |||| s|||| 0|||b1spa d
022 |a 1988-1118 
035 |a 5688 
040 |a vLex 
090 |c 2718  |d 2718 
245 0 0 |a Documentos de trabajo  |h [Recurso electrn̤ico] :  |b Seminario Permanente de Ciencias Sociales  
256 |a Servicio en ln̕ea. 
260 |a Ciudad Real :  |b Universidad de Castilla-La Mancha  |c 2006 - 
300 |a 1 recurso electrn̤ico 
310 |a Irregular 
362 |a Nm︢. 1 (2006) - 
500 |a Los Documentos de Trabajo: Seminario Permanente de Ciencias Sociales son una publicacin̤ electrn̤ica, multidisciplinar y gratuita, nacida en el seno de la Facultad de Ciencias Sociales de Cuenca. Fue concebida en sus org̕enes como una publicacin̤ cuyo objetivo primordial fuera el de dar a conocer la importante labor investigadora del profesorado de la Facultad de Ciencias Sociales de Cuenca. En la segunda etapa iniciada en 2009, el renovado formato de los “Documentos de Trabajo: Seminario Permanente de Ciencias Sociales” quiere ser un espacio de encuentro y discusin̤ cientf̕ica interdisciplinar, abierto especialmente a investigadores de cualquier Centro de Investigacin̤, Facultad o Escuela, que quieran dar a conocer sus avances de investigacin̤ o los resultados obtenidos en el campo de las Ciencias Sociales, y en especial del Derecho, la Economa̕, la Administracin̤ y Direccin̤ de Empresas y el Turismo.  
506 1 |a Contenido solo disponible en los productos indicados  |d vLex Global  |d vLex Global (Academic Edition, excluding Law Schools)  |d vLex Global (U.S. Academic Edition, Law Schools)  |d vLex Global (U.S. Academic Edition, excluding Law Schools)  |d vLex Global (Academic Edition, Law Schools) 
650 0 4 |a Ciencias sociales 
740 0 |a vLex Revistas (Servicio en ln̕ea) 
856 4 0 |u http://vlex.com/source/documentos-trabajo-seminario-permanente-ciencias-sociales-5688  |z Acceso restringido 
942 |c REV